Hocus pocus junior. The anatomy of legerdemain. Or, the art of jugling : Set forth in his proper colours, fully, plainly, and exactly; so that an ignorant person may thereby learn the full perfection of the same, after a little practise. Unto each trick is added the figure, where it is neededful for instruction.

Bibliographic Details
Format: eBook
Language:English
Published: London : printed by G. Purslow, and are to be sold by Thomas Vere, at the sign of the Angel without Newgate, 1671.
Edition:The seventh edition, with many additions.
Series:Early English books online.
Subjects:
Online Access:Connect to the full text of this electronic book

MARC

Tag First Indicator Second Indicator Subfields
LEADER 00000nam a2200000 4500
001 in00004319607
005 20200812080013.0
006 m g d
007 cr bn |||a|bb|
008 950428s1671 enk o 00| | eng d
035 |a (UnM)99828708 
037 |a CL0037000072  |b ProQuest Information and Learning. 300 N. Zeeb Rd., Ann Arbor, MI 48106 
040 |a Cu-RivES  |c Cu-RivES  |d CStRLIN  |e dcrb  |d WaOLN 
245 1 0 |a Hocus pocus junior. The anatomy of legerdemain. Or, the art of jugling :  |b Set forth in his proper colours, fully, plainly, and exactly; so that an ignorant person may thereby learn the full perfection of the same, after a little practise. Unto each trick is added the figure, where it is neededful for instruction. 
246 2 |a Hocus pocus junior 
246 2 |a Anatomy of legerdemain. 
246 2 |a Art of jugling. 
246 2 |a Art of legerdemain discovered. 
250 |a The seventh edition, with many additions. 
260 |a London :  |b printed by G. Purslow, and are to be sold by Thomas Vere, at the sign of the Angel without Newgate,  |c 1671. 
300 |a 1 online resource ([62] pages :  |b illustrations (woodcuts) 
336 |a text  |b txt  |2 rdacontent 
337 |a computer  |b c  |2 rdamedia 
338 |a online resource  |b cr  |2 rdacarrier 
500 |a Signatures: [A]-H⁴ [-H4]. 
500 |a Caption title and running title read: The art of legerdemain discovered. 
500 |a Reproduction of the original in the Guildhall Library, London. 
510 4 |a Wing (2nd edition)  |c H2281. 
533 |a Electronic reproduction.  |b Ann Arbor, Mich. :  |c UMI,  |d 1999-  |f (Early English books online)  |n Digital version of: (Early English books, 1641-1700 ; 1868:6)  |7 s1999 miun s 
650 0 |a Magic tricks  |v Early works to 1800. 
830 0 |a Early English books online. 
856 4 0 |u http://proxy.library.tamu.edu/login?url=https://search.proquest.com/docview/2240861160  |z Connect to the full text of this electronic book  |t 0 
999 f f |s 74eb81a5-31a2-3d02-ad6c-2db25e38db55  |i e5a0beb6-972b-3e80-b67a-65480f74214d  |t 0 
952 f f |a Texas A&M University  |b College Station  |c Electronic Resources  |d Available Online  |t 0  |h No information provided 
998 f f |t 0  |l Available Online